Getting the best out of supervision in counselling and psychotherapy a guide for the supervisee
Kaydedildi:
| Yazar: | |
|---|---|
| Materyal Türü: | Kitap |
| Dil: | İngilizce |
| Baskı/Yayın Bilgisi: |
Sage Publications
2014
|
| Etiketler: |
Etiketle
Etiket eklenmemiş, İlk siz ekleyin!
|
MARC
| LEADER | 00000nam a22000007a 4500 | ||
|---|---|---|---|
| 008 | 210120b ||||| |||| 00| 0 eng d | ||
| 020 | |a 978-0-85702-906-5 | ||
| 100 | |a CREANER, Mary. | ||
| 245 | |a Getting the best out of supervision in counselling and psychotherapy |b a guide for the supervisee |c Mary Creaner |g xiv: 174p; ill. | ||
| 260 | |b Sage Publications |c 2014 |h Los Angeles |i 692781 |i 692782 |l BF636.64 .C86 |m Counselling |m Psychotherapy. |m Supervision. |m Supervision of employees. |m Counsellors – Supervision of. | ||
| 942 | |a lcc |c BK |e YUNUSA, A.A. |f 20/01/2021 | ||
| 952 | |0 0 |1 0 |2 lcc |4 0 |6 BF063664 C86 |7 0 |9 1297 |a HOL |b SSL |c AF |d 2021-01-20 |l 0 |o BF636.64 .C86 |p 2021-0110 |r 2021-01-20 00:00:00 |w 2021-01-20 |y BK | ||
| 952 | |0 0 |1 0 |2 lcc |4 0 |6 BF063664 C86 |7 0 |9 1298 |a HOL |b HOL |c AF |d 2021-01-20 |l 0 |o BF636.64 .C86 |p 2021-0111 |r 2021-01-20 00:00:00 |w 2021-01-20 |y BK | ||
| 999 | |c 670 |d 670 | ||